000 00670cam a2200217 4500
008 000000n1999 000 0 eng u
020 _a0752218174
035 _a(Sirsi) u104335
050 _a690.25
_c18
100 _aWearne, Phillip
245 _aCollapse
_bwhy buildings fall down.
260 _aLondon
_bChannel 4 Books
_c1999
300 _a186p.
_bill.
_c24cm.
350 _a14.99
520 _aBased on a television series on the Channel 4 called "Why buildings fall down".
650 _aBUILDING FAILURES
650 _aRONAN POINT
650 _aECKERSLEY AND PARTNERS V BINNEY AND OTHERS
690 _aBUILT ENVIRONMENT-BUILDING PATHOLOGY
942 _n0
999 _c100246
_d100246